01080nam a22002657a 45000010005000000030006000050050017000110080041000280200018000690400029000870500016001160820012001321000024001442450115001682600039002833000048003224900024003705050008003945200261004025210029006635210020006926500034007126500031007467000037007777724FISKH20250801105916.0250801b cb ||||| |||| 00| 0 eng d a9780439636018 aFISKHbengcFISKHdFISKH aE185.K5 R84 a323.092 aRuffin, Frances E.  aMartin Luther King, Jr. and the march on Washington / cBy Frances E. Ruffin : Illustrated by Stephen Machesi  aNew York : bScholastic , c2001.  a48 pages : bcolor illustrations ;c23 cm . aAll Aboard Reading  aM  aTells about the events of August 28, 1963, when protesters gathered in Washington D.C. to draw attention to discrimination against African-Americans and to hear Civil Rights leader Dr. Martin Luther King, Jr. deliver his now famous "I Have a Dream" speech.8 a530 bLexiel estimate 8 aM bRaz-Plus  aAfrican AmericanvNon-fiction aBlack historyvNon-fiction aMarchesi, Stephen eIllustrator